<?xml version="1.0" encoding="UTF-8"?>
<record
    xmlns:xsi="http://www.w3.org/2001/XMLSchema-instance"
    xsi:schemaLocation="http://www.loc.gov/MARC21/slim http://www.loc.gov/standards/marcxml/schema/MARC21slim.xsd"
    xmlns="http://www.loc.gov/MARC21/slim">

  <leader>00736nam a22002417a 4500</leader>
  <controlfield tag="003">OSt</controlfield>
  <controlfield tag="005">20260506161245.0</controlfield>
  <controlfield tag="008">260506b        |||||||| |||| 00| 0 eng d</controlfield>
  <datafield tag="020" ind1=" " ind2=" ">
    <subfield code="a">9789719825371</subfield>
  </datafield>
  <datafield tag="040" ind1=" " ind2=" ">
    <subfield code="c">HS LRC</subfield>
  </datafield>
  <datafield tag="050" ind1=" " ind2=" ">
    <subfield code="a">HD 30</subfield>
    <subfield code="b">.B964 2025</subfield>
  </datafield>
  <datafield tag="100" ind1=" " ind2=" ">
    <subfield code="a">Tan, Andrew L. </subfield>
    <subfield code="9">131724</subfield>
  </datafield>
  <datafield tag="245" ind1=" " ind2=" ">
    <subfield code="a">Business resilience and sustainability /</subfield>
    <subfield code="c">Andrew L. Tan</subfield>
  </datafield>
  <datafield tag="260" ind1=" " ind2=" ">
    <subfield code="a">Quezon City :</subfield>
    <subfield code="b">C&amp;E Publishing, </subfield>
    <subfield code="c">c2025.</subfield>
  </datafield>
  <datafield tag="300" ind1=" " ind2=" ">
    <subfield code="a">ix, 216 p. :</subfield>
    <subfield code="b">col. ill. ;</subfield>
    <subfield code="c">23 cm. </subfield>
  </datafield>
  <datafield tag="365" ind1=" " ind2=" ">
    <subfield code="b">598.00</subfield>
  </datafield>
  <datafield tag="504" ind1=" " ind2=" ">
    <subfield code="a">includes index. </subfield>
  </datafield>
  <datafield tag="650" ind1=" " ind2=" ">
    <subfield code="a">Management. </subfield>
  </datafield>
  <datafield tag="700" ind1=" " ind2=" ">
    <subfield code="a">Habaradas, Raymund B. </subfield>
    <subfield code="e">Editor</subfield>
    <subfield code="9">33744</subfield>
  </datafield>
  <datafield tag="700" ind1=" " ind2=" ">
    <subfield code="a">Rivera, John Paulo R. </subfield>
    <subfield code="e">Editor</subfield>
    <subfield code="9">131730</subfield>
  </datafield>
  <datafield tag="700" ind1=" " ind2=" ">
    <subfield code="a">Roxas, Fernando Martin y. </subfield>
    <subfield code="e">Editor</subfield>
    <subfield code="9">131727</subfield>
  </datafield>
  <datafield tag="942" ind1=" " ind2=" ">
    <subfield code="2">lcc</subfield>
    <subfield code="c">BK</subfield>
  </datafield>
  <datafield tag="952" ind1=" " ind2=" ">
    <subfield code="0">0</subfield>
    <subfield code="1">0</subfield>
    <subfield code="2">lcc</subfield>
    <subfield code="4">0</subfield>
    <subfield code="7">0</subfield>
    <subfield code="8">CIR</subfield>
    <subfield code="a">DLSU-D HS</subfield>
    <subfield code="b">DLSU-D HS</subfield>
    <subfield code="c">CIR</subfield>
    <subfield code="d">2025-06-24</subfield>
    <subfield code="e">HS LRC SY 2024-2025</subfield>
    <subfield code="g">598.00</subfield>
    <subfield code="i">CIR-002619</subfield>
    <subfield code="l">0</subfield>
    <subfield code="o">HD 30 .B964 2025</subfield>
    <subfield code="p">3HS00000002619</subfield>
    <subfield code="r">2026-05-06 16:14:58</subfield>
    <subfield code="t">002619</subfield>
    <subfield code="v">598.00</subfield>
    <subfield code="w">2026-05-06</subfield>
    <subfield code="y">BK</subfield>
  </datafield>
  <datafield tag="999" ind1=" " ind2=" ">
    <subfield code="c">94126</subfield>
    <subfield code="d">94126</subfield>
  </datafield>
</record>
